Battles and Offensives of WW1 - Statistics

General Stats
  • This quiz has been taken 224 times
    223 since last reset
  • The average score is 6 of 15
Answer Stats
Hint Answer % Correct
1916, Indecisive, (Tank was introduced here) Somme
83%
1916, Entente Victory, (Launched by the Germans and lasted 9 months) Verdun
79%
1915, Central Powers Victory, (Major offensive by the allies near Constantinople) Gallipoli
70%
1915, Indecisive, (Germans planned a trap in this Belgian city, planned by Falkenheyn) Ypres
63%
1916, Indecisive, (Largest naval battle in history) Jutland
56%
1914, Central Powers Victory, (Destroyed the Russian 2nd army) Tannenberg
56%
1916, Entente Victory, (Only offensive named after a person, it caused the Austrian lost of Galicia temporarily) Brusilov Offensive
29%
1914, Central Powers Victory, (First battle of the 1st World War) Liege
28%
1918, Entente Victory, (Drained Germany,s remaining strength) Spring Offensive
25%
1916, Central Powers Victory, (Ottoman siege of British troops in the Mesopotamian city) Kut
24%
1918, Entente Victory, (Almost completely pushed the Germans out of France) 100 Days Offensive
20%
1914, Entente Victory, (Saved Paris from takeover use its nickname for this answer) Miracle of the Marne
9%
1918, Entente Victory, (Last major German offensive in the west) 2nd Battle of the Marne
4%
1915, Central Powers Victory, (2nd of 3 of these battles, town speaks Flemish now) 2nd Battle of Ypres
4%
1917, Entente Victory, (Final of these 3 battles, won by British troops at Passchendaele) 3rd Battle of Ypres
4%
No matching quizzes found
Score Distribution
Percent of People with Each Score
Percentile by Number Answered
Your Score History
You have not taken this quiz since the last reset